000 00706cam a2200241 i 4500
001 17020825
005 20180302033750.0
008 111025s2013 maua 001 0 eng
010 _a 2011942002
020 _a9781133307747 (pbk.)
020 _a1133307744 (pbk.)
040 _aDLC
_beng
_cDLC
_erda
_dDLC
041 _aeng
042 _apcc
080 _a808.042 VAN
082 0 0 _a808.042 VAN
_223
100 1 _a25
101 _aEDU
245 1 0 _aComp /
_cRandall VanderMey, Verne Meyer, John Van Rys, Pat Sebranek.
906 _a7
_bcbc
_corigres
_d2
_encip
_f20
_gy-gencatlg
942 _2ddc
_cBK
999 _c43925
_d43925